Weimarská ústava Hľadanie identity nového štátu

Pokračovanie z predchádzajúceho čísla, v ktorej autor priblíži členenie a obsah Weimarskej ústavy s dôrazom na kľúčové ustanovenia využívané na preklenutie politických kríz medzivojnovej republiky.

Gespeichert in:
Bibliographische Detailangaben
1. Verfasser: Neumann, Jakub
Format: Buchkapitel
Sprache:Slowakisch
Schlagworte:
Tags: Tag hinzufügen
Keine Tags, Fügen Sie das erste Tag hinzu!

MARC

LEADER 00000naa a2200000 4500
001 0279721
005 20211119100946.8
041 0 |a slo 
044 |a SK 
245 1 0 |a Weimarská ústava  |b Hľadanie identity nového štátu  |c Jakub Neumann 
520 |a Pokračovanie z predchádzajúceho čísla, v ktorej autor priblíži členenie a obsah Weimarskej ústavy s dôrazom na kľúčové ustanovenia využívané na preklenutie politických kríz medzivojnovej republiky. 
610 2 0 |a ústava 
610 2 0 |a dejiny 
610 2 0 |a štát 
610 2 0 |a identita 
610 2 0 |a vojny 
610 2 0 |a Nemecko 
100 1 |a Neumann, Jakub